All-NBA 1st, 2nd, 3rd Teams - Statistics

General Stats
  • This quiz has been taken 3,067 times
    1,316 since last reset
  • The average score is 129 of 222
Answer Stats
Hint Answer % Correct
1st (2025, 2024, 2022, 2021, 2019), 2nd (2023, 2020) Nikola Jokic
98%
1st (2020, 2018, 2017, 2016, 2015, 2014, 2013, 2012, 2011, 2010, 2009, 2008, 2006) 2nd (2025, 2021, 2007, 2005) 3rd (2024, 2023, 2022, 2019) LeBron James
97%
1st (2025, 2024, 2023) Shai Gilgeous-Alexander
97%
1st (2025, 2024, 2023, 2022, 2021, 2020, 2019, 2017) 2nd (2018, 2017) Giannis Antetokounmpo
96%
1st (2024, 2023, 2022, 2021, 2020) Luka Doncic
96%
1st (2018, 2014, 2013, 2012, 2011, 2010) 2nd (2024, 2022, 2019, 2017, 2016) Kevin Durant
95%
1st (2021, 2019, 2016, 2015) 2nd (2025, 2023, 2022, 2017, 2014) 3rd (2024, 2018) Stephen Curry
95%
1st (2020, 2019, 2018, 2015, 2014) 3rd (2025, 2013) James Harden
94%
1st (1973, 1972, 1971, 1970, 1968, 1966, 1965, 1964, 1963, 1962) 2nd (1969, 1968) Jerry West
93%
1st (2016) 3rd (2017, 2015) DeAndre Jordan
92%
1st (2025, 2024, 2023, 2022) 3rd (2020) Jayson Tatum
92%
1st (1998, 1997, 1996, 1993, 1992, 1991, 1990, 1989, 1988, 1987) 2nd (1985) Michael Jordan
92%
1st (2014, 2013, 2012, 2008) 2nd (2021, 2020, 2016, 2015, 2009) 3rd (2022, 2011) Chris Paul
91%
1st (2023) 2nd (2022, 2021, 2019, 2018) Joel Embiid
91%
1st (2021, 2017, 2016) 2nd (2024, 2020, 2019) Kawhi Leonard
91%
1st (2020, 2018, 2017, 2015) 2nd (2024) Anthony Davis
90%
3rd (2004) Baron Davis
90%
1st (2017, 2016) 2nd (2018, 2015, 2013, 2012, 2011) 3rd (2020, 2019) Russell Westbrook
90%
2nd (1979, 1978) Walter Davis
90%
1st (2013, 2012, 2011, 2010, 2009, 2008, 2007, 2006, 2004, 2003, 2002) 2nd (2001, 2000) 3rd (2005, 1999) Kobe Bryant
89%
1st (1991, 1990, 1989, 1988, 1987, 1986, 1985, 1984, 1983) 2nd (1982) Magic Johnson
89%
1st (2006, 2005, 2004, 2003, 2002, 2001, 2000, 1998) 2nd (1999, 1995) 3rd (2009, 1997, 1996, 1994) Shaquille O'Neal
89%
1st (2025) 2nd (2023) Donovan Mitchell
88%
2nd (2019), 3rd (2021, 2015) Kyrie Irving
88%
2nd (2023) Jaylen Brown
87%
1st (2013, 2007, 2005, 2004, 2003, 2002, 2001 2000, 1999, 1998) 2nd (2009, 2008, 2006) 3rd (2015, 2010) Tim Duncan
87%
1st (2010, 2009) 2nd (2011, 2006, 2005) 3rd (2013, 2012, 2007) Dwayne Wade
85%
1st (1983, 1982, 1981, 1980, 1978) 2nd (1984, 1977) Julius Erving
85%
3rd (2016, 2015) Klay Thompson
85%
1st (2007, 2006, 2005) 2nd (2010, 2008) 3rd (2003, 2002) Steve Nash
85%
1st (2018) 2nd (2021, 2020, 2019, 2016) 3rd (2023, 2014) Damian Lillard
84%
1st (1978, 1977) David Thompson
84%
1st (2022) 3rd (2024) Devin Booker
84%
2nd (2016) 3rd (2017) Draymond Green
84%
2nd (2025, 2024) Jalen Brunson
84%
1st (1999, 1998, 1997, 1996, 1995, 1994, 1993, 1992, 1991, 1990, 1989) 2nd (2000, 1988) 3rd (2001) Karl Malone
84%
1st (2008, 2004, 2003, 2000) 2nd (2005, 2002, 2001) 3rd (2007, 1999) Kevin Garnett
84%
1st (1985, 1983, 1982, 1979) 2nd (1987, 1984, 1981, 1980) Moses Malone
84%
1st (1996, 1995, 1994) 2nd (1997, 1992) 3rd (1998, 1993) Scottie Pippen
84%
2nd (1971, 1970, 1966, 1965) Gus Johnson
83%
3rd (2010) Joe Johnson
83%
1st (1988, 1987, 1986, 1985, 1984, 1983, 1982, 1981, 1980) 2nd (1990) Larry Bird
83%
1st (2019), 3rd (2021, 2018, 2016, 2014, 2013) Paul George
83%
2nd (1983) Buck Williams
82%
1st (1981) 2nd (1980) Dennis Johnson
82%
2nd (2010, 2008) Deron Williams
82%
1st (1982) 2nd (1980) Gus Williams
82%
1st (1997, 1994, 1993, 1989, 1988, 1987) 2nd (1996, 1990, 1986) 3rd (1999, 1995, 1991) Hakeem Olajuwon
82%
3rd (2025) Jalen Williams
82%
2nd (1994, 1991, 1990, 1989) 3rd (1992) Kevin Johnson
82%
2nd (1993) Larry Johnson
82%
1st (1979) 2nd (1981, 1980) Marques Johnson
82%
2nd (2005) 3rd (2001) Ray Allen
82%
1st (1968, 1967, 1966, 1964, 1962, 1961, 1960) 2nd (1972, 1965, 1963) Wilt Chamberlain
82%
2nd (2025, 2024) Anthony Edwards
81%
1st (1996, 1995, 1992, 1991) 2nd (1998, 1994) 3rd (2001, 2000, 1993, 1990) David Robinson
81%
2nd (2017) Isaiah Thomas
81%
1st (1985, 1984) 2nd (1987, 1986, 1983) Isiah Thomas
81%
1st (1986, 1984, 1981, 1980, 1977, 1976, 1974, 1973, 1972) 2nd (1985, 1983, 1979, 1978, 1971, 1970) Kareem Abdul-Jabbar
81%
3rd (2025, 2022, 2018) Karl-Anthony Towns
81%
1st (1978) Truck Robinson
81%
1st (2005, 2001, 1999) 2nd (2003, 2002, 2000) 3rd (2006) Allen Iverson
80%
1st (1965, 1963) 2nd (1968, 1967, 1966, 1964, 1962, 1961, 1960) Bill Russell
80%
1st (2009, 2007, 2006, 2005) 2nd (2011, 2010, 2008, 2003, 2002) 3rd (2012, 2004, 2001) Dirk Nowitzki
80%
1st (2004, 2002, 2001, 2000, 1999) 2nd (2003) Jason Kidd
80%
3rd (2017) John Wall
80%
2nd (2014, 2013, 2012) 3rd (2009) Tony Parker
80%
1st (2015) 2nd (2013) Marc Gasol
79%
2nd (2015, 2011) 3rd (2010, 2009) Pau Gasol
79%
2nd (2009) 3rd (2008, 2003, 2002) Paul Pierce
79%
1st (1993, 1991, 1990, 1989, 1988) 2nd (1995, 1994, 1992, 1987, 1986) 3rd (1996) Charles Barkley
78%
1st (2011) Derrick Rose
78%
1st (2012, 2011, 2010, 2009, 2008) 2nd (2014) 3rd (2013, 2007) Dwight Howard
78%
1st (1994) 2nd (1996, 1995, 1993, 1992, 1990, 1989, 1988) 3rd (1999, 1997, 1991) John Stockton
78%
3rd (1996) Juwan Howard
78%
3rd (2025) Cade Cunningham
77%
2nd (2007) Chris Bosh
77%
1st (1971, 1970, 1969) 2nd (1972) Billy Cunningham
76%
3rd (1995, 1992) Dennis Rodman
75%
3rd (2025, 2024) Tyrese Haliburton
75%
2nd (1986) Alvin Robertson
74%
1st (1969, 1968, 1967, 1966, 1965, 1964, 1963, 1962, 1961) 2nd (1971, 1970) Oscar Robertson
74%
1st (2003, 2002) 2nd (2007, 2004, 2001) 3rd (2008, 2005) Tracy McGrady
74%
2nd (2013, 2010) 3rd (2012, 2009, 2007, 2006) Carmelo Anthony
73%
2nd (2023) 3rd (2021, 2020, 2018, 2017) Jimmy Butler
73%
3rd (2011, 2008) Manu Ginobili
73%
2nd (2017) 3rd (2021, 2020, 2019) Rudy Gobert
73%
1st (1992) 2nd (1991, 1988) 3rd (1995, 1990) Clyde Drexler
72%
2nd (2022, 2018) 3rd (2017) DeMar DeRozan
72%
1st (1990) 2nd (1997, 1993, 1992, 1991, 1989, 1988) Patrick Ewing
72%
1st (1961, 1960) 2nd (1963, 1962) Bob Cousy
71%
2nd (2006, 2004, 2003) 3rd (2005, 2002) Ben Wallace
70%
2nd (2014, 2013, 2012) 3rd (2019, 2015) Blake Griffin
70%
3rd (2021) Bradley Beal
70%
3rd (2022) Trae Young
70%
1st (1996, 1995) 3rd (1997) Anfernee Hardaway
69%
1st(1997) 2nd (1999, 1998, 1992) 3rd (1993) Tim Hardaway
69%
3rd (2024, 2023) Domantas Sabonis
68%
2nd (1960) Richie Griffin
68%
1st (1964, 1963, 1962, 1961, 1960) 2nd (1965) Bob Pettit
67%
1st (2000, 1998) 2nd (2002, 1999, 1997, 1996, 1995) 3rd (2001, 1994) Gary Payton
67%
2nd (2004) 3rd (2003, 2002) Jermaine O'Neal
67%
1st (1987) Kevin McHale
67%
1st (2014) Joakim Noah
66%
1st (2007) 2nd (2011, 2010, 2008, 2005) Amar'e Stoudemire
65%
2nd (1972, 1971) Bob Love
65%
2nd (2014, 2012) Kevin Love
65%
2nd (2020) 3rd (2022) Pascal Siakam
65%
3rd (1998, 1996, 1995) Reggie Miller
65%
2nd (2001) 3rd (2000) Vince Carter
65%
1st (1999) 2nd (2000) Alonzo Mourning
64%
3rd (2023) De'Aaron Fox
64%
2nd (2022) Ja Morant
64%
3rd (2016) Kyle Lowry
64%
3rd (2012) Rajon Rondo
64%
1st (1974, 1973, 1972, 1971) 2nd (1976, 1975, 1970, 1969, 1968, 1966, 1964) John Havlicek
63%
1st (1969, 1968, 1967, 1965, 1964, 1963, 1962, 1961, 1960) Elgin Baylor
62%
2nd (2025) Evan Mobley
62%
3rd (1991, 1990) James Worthy
62%
1st (1978) 2nd (1977) Bill Walton
61%
2nd (2006) 3rd (2009, 2007) Chauncey Billups
61%
3rd (2019) Kemba Walker
60%
2nd (1982) 3rd (1989) Robert Parish
60%
1st (2001) 2nd (2003, 2002, 1999) 3rd (2000) Chris Webber
59%
2nd (2016, 2015) DeMarcus Cousins
59%
2nd (1977, 1975) Jo Jo White
59%
1st (1986) 2nd (1993, 1991, 1988, 1987) 3rd (1994, 1989) Dominique Wilkins
58%
2nd (2009, 2007) 3rd (2008, 2006, 2004) Yao Ming
58%
1st (1982, 1981, 1980, 1979, 1978) 2nd (1983, 1977) George Gervin
57%
2nd (2021) 3rd (2023) Julius Randle
57%
1st (1969) Wes Unseld
57%
3rd (2000) Eddie Jones
56%
2nd (1976) Phil Smith
56%
2nd (1976) Randy Smith
56%
2nd (1967, 1966, 1965) Sam Jones
56%
2nd (2001) 3rd (2002, 1998) Dikembe Mutombo
55%
1st (1997) 2nd (2000, 1999, 1998, 1996) Grant Hill
55%
2nd (1993) 3rd (1991, 1990) Joe Dumars
55%
2nd (2018, 2015) 3rd (2016, 2014, 2011) LaMarcus Aldridge
55%
1st (1970) 2nd (1971, 1969, 1968, 1967) Willis Reed
55%
1st (1975) 2nd (1974) Bob McAdoo
54%
2nd (1996, 1995, 1994) Shawn Kemp
52%
1st (1975, 1974, 1972, 1970) 2nd (1973, 1971) Walt Frazier
51%
1st (1992) 2nd (1991, 1989) 3rd (1990) Chris Mullin
50%
2nd (1976, 1975, 1973) Dave Cowens
50%
2nd (1986, 1983, 1982) Alex English
49%
1st (1979, 1977, 1975) 2nd (1976, 1974, 1973) Elvin Hayes
49%
1st (1993) 3rd (1994, 1992, 1989) Mark Price
49%
3rd (2011) Al Horford
48%
1st (1976, 1975, 1974, 1967, 1966) 2nd (1973) Rick Barry
48%
3rd (2020) Ben Simmons
47%
1st (1977, 1976) 2nd (1978, 1973) Pete Maravich
47%
1st (1985, 1984) 2nd (1982) 3rd (1991) Bernard King
45%
2nd (2007) 3rd (2006, 2005) Gilbert Arenas
43%
2nd (2004) Peja Stojakovic
42%
3rd (2012) Tyson Chandler
41%
2nd (1997) 3rd (1998) Glen Rice
40%
1st (1994) Latrell Sprewell
40%
3rd (2004) Ron Artest
40%
3rd (2006, 2005) Shawn Marion
40%
3rd (2016) Andre Drummond
39%
2nd (1961, 1960) Dolph Schayes
39%
3rd (2011) Zach Randolph
39%
2nd (2009) 3rd (2010) Brandon Roy
38%
1st (1976, 1975, 1973) 2nd (1981, 1972) Tiny Archibald
38%
2nd (1984, 1981) Adrian Dantley
36%
3rd (2014) Al Jefferson
36%
3rd (2008) Carlos Boozer
36%
3rd (2018) Victor Oladipo
36%
2nd (2012) Andrew Bynum
35%
1st (1969) Earl Monroe
35%
1st (1983) 2nd (1986, 1985, 1984, 1982) Sidney Moncrief
35%
1st (1971, 1968) 2nd (1974) Dave Bing
33%
2nd (1969, 1968, 1967, 1966, 1965, 1964, 1963) Hal Greer
33%
2nd (1997, 1995, 1994) 3rd (1998, 1996) Mitch Richmond
33%
3rd (2003, 2000) Stephon Marbury
32%
3rd (2004) Michael Redd
30%
2nd (2006) Elton Brand
29%
1st (1968, 1966, 1965) 2nd (1967, 1964) Jerry Lucas
29%
2nd (1978) Maurice Lucas
29%
2nd (2004) Sam Cassell
29%
2nd (1969) Dave Debusschere
28%
3rd (2014) Goran Dragic
28%
3rd (1989) Dale Ellis
27%
3rd (2013) David Lee
27%
1st (1974) Gail Goodrich
27%
2nd (1985) Ralph Sampson
27%
3rd (1995) Detlef Schrempf
25%
3rd (2010) Andrew Bogut
24%
2nd (1960) Bill Sharman
24%
3rd (1992) Brad Daugherty
23%
2nd (1987) Fat Lever
22%
2nd (1990, 1989) Tom Chambers
22%
3rd (1993) Drazen Petrovic
20%
3rd (1992) Kevin Willis
20%
2nd (1979) World B. Free
20%
1st (1973, 1972) 2nd (1975, 1974) Spencer Haywood
19%
2nd (1985) 3rd (1989) Terry Cummings
18%
3rd (2003) Jamal Mashburn
17%
1st (1980, 1979, 1977) 2nd (1978) Paul Westphal
17%
2nd (1964, 1963, 1962, 1961) Tom Heinsohn
17%
1st (1970) Connie Hawkins
16%
3rd (1994, 1993) Derrick Coleman
16%
2nd (1970) Lou Hudson
16%
2nd (1998) 3rd (1997) Vin Baker
16%
3rd (1997) Anthony Mason
15%
2nd (1979) Bob Dandridge
15%
2nd (1998) Rod Strickland
15%
1st (1976) 2nd (1977) George McGinnis
14%
3rd (1999) Antonio McDyess
13%
2nd (1962) Richie Guerin
12%
2nd (1962, 1960) Jack Twyman
10%
2nd (1972) Archie Clark
9%
2nd (1963) Bailey Howell
8%
1st (1960) 2nd (1961) Gene Shue
8%
2nd (1984) Jim Paxson
8%
2nd (1981) Otis Birdsong
8%
2nd (1980) Dan Roundfield
6%
2nd (1974) Norm Van Lier
6%
2nd (1979) Phil Ford
6%
2nd (1961) Larry Costello
5%
2nd (1975) Phil Chenier
5%
No matching quizzes found
Score Distribution
Percent of People with Each Score
Percentile by Number Answered
Your Score History
You have not taken this quiz since the last reset